00282pab a2200121 454500008004000000100002100040245003200061260000900093300001300102362001100115650001900126773001500145180718b2008 xxu||||| |||| 00| 0 eng d aReddy, C. Sheela aAmbedkar's work and mission c2008 ap.11-13. a12 Apr aAmbedkar, B.R. aMainstream